00366 a2200109 4500001001000000005001700010008004100027245008900068100002600157773005600183999001700239ART_3907420260410161752.0260409a 10aImplicancias territoriales de la ley 26893 en la venta de acciones y cuotas sociales1 aGarcía, Fernando D.0 tDoctrina tributariag- Nº 405 (dic. 2013)wREV4296 c19774d19774